[Event "Rail 4 countries 21st"]
[Site "Litice"]
[Date "2005.06.18"]
[Round "2.7"]
[White "Pospisil, Ignaz"]
[Black "Krajewska, Katarzyna"]
[Result "0-1"]
[WhiteElo "1975"]
[BlackElo "1997"]
[PlyCount "114"]
[EventDate "2005.06.17"]
[EventType "team-tourn"]
[EventRounds "3"]
[EventCountry "CZE"]
[SourceTitle "EXT 2007"]
[Source "ChessBase"]
[SourceDate "2006.11.23"]
[SourceVersion "1"]
[SourceVersionDate "2006.11.23"]
[SourceQuality "1"]

1. e4 e6 2. d4 d5 3. Nd2 Nf6 4. e5 Ne4 5. Bd3 c5 6. c3 Nc6 7. Ngf3 Nxd2 8. Bxd2 Qb6 9. Qb3 cxd4 10. Qxb6 axb6 11. cxd4 Nb4 12. Bb1 Bd7 13. 0-0 Be7 14. a3 f5 15. exf6 gxf6 16. Re1 Nc6 17. Bd3 Na5 18. Bc3 Nc4 19. Nd2 b5 20. Nf1 Rc8 21. Rac1 Kf7 22. Rc2 h6 23. Bb4 Bxb4 24. axb4 Nd6 25. f4 Rxc2 26. Bxc2 Ra8 27. Ne3 Ra2 28. Rb1 Nc4 29. Nd1 Ra8 30. Nc3 f5 31. Bd3 Rc8 32. Nd1 Nd2 33. Ra1 Nb3 34. Ra7 Rc1 35. Be2 Nxd4 36. Bh5+ Ke7 37. Rxb7 Rc2 38. Kf1 Rc4 39. Kf2 Rxb4 40. Ke3 Nc6 41. g3 Kd6 42. Be2 Rb3+ 43. Kd2 Nd8 44. Rb8 Kc7 45. Ra8 Bc6 46. Ra7+ Nb7 47. Ra8 Nd8 48. Ra7+ Bb7 49. Kc2 Rb4 50. b3 Kb6 51. Ra3 d4 52. Bd3 Nf7 53. Nf2 Nd6 54. Kb2 Ne4 55. Nd1 Nc5 56. Nf2 Be4 57. Kc2 Bd5 0-1